Life and society in the Hittite world

Saved in:
Bibliographic Details
Main Author: Bryce, Trevor 1940-
Format: Book
Language:English
Published: [Oxford]; [New York] : Oxford University Press, [c2002]
Subjects:
Tags: Add Tag
No Tags, Be the first to tag this record!

MARC

LEADER 00000nam a2200000 i 4500
001 1/62030
008 071106s2002 eng d
020 |a 0-19-924170-8 (hbk.) 
035 |l 10092119 
040 |a GR-MY-UA  |b gre  |e aacr 
041 0 |a eng 
082 0 |a 939.6  |2 (22) 
100 1 |a Bryce, Trevor  |d 1940- 
245 1 0 |a Life and society in the Hittite world /  |c Trevor Bryce 
260 |a [Oxford]; [New York] :   |b Oxford University Press,   |c [c2002] 
300 |a xii, 312 σ.;  |c 22 εκ. 
504 |a Βιβλιογραφία: σ. [293]-301. Ευρετήριο 
650 0 0 |a Hittites  |x Social life and customs. 
650 0 0 |a Hittites  |x Civilization. 
852 |a INST  |b RHODES  |e 20071106  |h 939.6 BRY  |p 005400025281  |q 005400025281  |t BK  |y 0 
901 |a BIBL4-2007-3 
909 |a Ρ  |b 140054 
922 |a 4ΕΛΗ  |b 200711  |c ΕΠΕΑΕΚ2/ΤΜΣ  |d ΠΑΠΑΣΩΤΗΡΙΟΥ 
970 |a ΧΑΡΙΟΠΟΛΙΤΟΥ  |b ΚΩΝΣΤΑΝΤΙΝΑ  |z 2007/11/06